000
00336nam a2200133Ia 4500
008
240624s9999 xx 000 0 und d
041
_a
eng
082
_a
891.43 SIN
100
_a
SINGH BHAGWAN
245
_a
PANCHTANTRA KEE KAHANIYAN
260
_c
2016
_a
New Delhi
_b
Sasta Sahitya Mandal
300
_a
438 p.; 23 cm.
365
_c
RS
_b
30
999
_c
29571
_d
29571